00752nam a2200217 i 4500001000700000003000900007005001700016007000300033008004100036080002200077100003300099245015500132260003600287300002800323490002300351500004300374651003500417700002300452830002300475852003600498113272ES-MaACL20250808071859.0t|070221s1945 fr ||||1| fre d a94(44)"1789/1900"1 aVéron, Louis (d1798-1867)10aMémoires d'un bourgeois de Paris / cpar le Docteur Véron ; textes choisis et présentés avec un avant-propos et un index par Pierre Josserand. aParis : bGuy le Prat, c[1945] a2 v. : bil. ; c19 cm.1 aJadis et Naguère aBiblioteca Jacinto Martínez Lacalle. 4aFrancia-xHistoria-y1789-19001 aJosserand, Pierre.0 aJadis et Naguère aES-MaACLjE-11614-15 bR.139651